| 000 | 00836nam a2200241 i 4500 | ||
|---|---|---|---|
| 001 | 67356 | ||
| 003 | ES-MaACL | ||
| 005 | 20250911062828.0 | ||
| 007 | t| | ||
| 008 | 040520s2003 sp ||||0| spa d | ||
| 020 | _a84-7522-913-1 | ||
| 040 |
_aM-BN _bspa _cM-BN |
||
| 080 | _a821.134.2-14"19"(082.2) | ||
| 245 | 0 | 0 |
_aCenturia _b: cien años de poesía en español. |
| 260 |
_aMadrid : _bVisor Libros, _c[2003] |
||
| 300 |
_a631 p. ; _c20 cm. |
||
| 490 | 1 |
_aColección Visor de poesía ; _v500 |
|
| 500 | _a"Los 140 mejores lectores de poesía escogen los poemas del siglo XX que, por algunas razones, aprecian por encima de cualesquiera otros"--Cub. | ||
| 650 | 4 |
_aPoesías españolas- _yS.XX. _916221 |
|
| 830 | 0 |
_aColección Visor de poesía _v500 _9177331 |
|
| 852 |
_aES-MaACL _jL-27613 _bR.133318 |
||
| 999 |
_c67356 _d67356 |
||